Analogies - Géographie #4 - Statistiques

Statistiques générales
  • Ce quiz a été pris 18 226 fois
    15 939 depuis la dernière actualisation
  • Le résultat moyen est 10 sur 20
Statistiques - réponses
L'un est à l'autre Ce que ... % Correct
L'Égypte est au Soudan Les États-Unis sont au {Mexique}
92%
Le mont Blanc est à la France Le mont {Fuji} est au Japon
85%
L'Oktoberfest est à Munich Le {Carnaval} est à Rio de Janeiro
81%
Le yen est au Japon Le {rouble} est à la Russie
69%
Parisien est à Paris {Angevin} est à Angers
66%
Yankee est aux Etats-Unis Kiwi est à la {Nouvelle-Zélande}
66%
Le Brésil est au portugais L'{Égypte} est à l'arabe
58%
.za est à l'Afrique du Sud .ch est à la {Suisse}
57%
Le dragon de Komodo est à l'Indonésie Le Lémurien est à {Madagascar}
57%
Lagos est à Abuja {São Paulo} est à Brasilia
50%
Peugeot est à la France Skoda est à la {République tchèque}
49%
La statue de la Liberté est à New York Le Sphinx est à {Gizeh}
41%
Les Îles Canaries sont à l'Espagne Les {Açores} sont au Portugal
40%
Le Pont Charles est à Prague Le pont des Soupirs est à {Venise}
39%
La Tour Eiffel est à Paris Les tours Petronas sont à {Kuala Lumpur}
33%
Lough est à l'Irlande {Loch} est à l'Écosse
31%
Le café est au Brésil Le cacao est à la {Côte d'Ivoire}
30%
Le Cinghalais est au Sri Lanka Le {Tagalog} est aux Philippines
30%
Reykjavik est au Nord {Wellington} est au Sud
28%
Guam est à la Micronésie Hawaï est à la {Polynésie}
24%
Aucun quiz correspondant
Distribution des résultats
% des personnes avec chaque résultat
Percentile par nombre de réponses
Votre historique - résultats
Vous n’avez pas pris ce quiz depuis la dernière actualisation